000
00283nam a22001097a 4500
041
_a
eng
080
_a
80
100
_a
Буковская, М. В.
245
_a
Словарь употребительних английских пословиц.
650
_a
German
999
_c
278594
_d
278594
942
_c
BK